000 00516nam a22002051a 4500
001 3786
003 OSt
005 20260204211904.0
008 050217s1984||||sp ||||||b||||||||||spa||
020 _a8449970555
050 _a809.5 T637p
082 _a809.5 T637p
100 _aTorrijos, Omar
245 _aPapeles del general / Omar Torrijos
250 _a2
264 _aEspaña : Centro de Estudios Torrijista
300 _a213 p
650 _a1.Discursos - Historia 2.Historia - PanamáÌ
942 _2ddc
_cBK
999 _c3786
_d3786